| 000 | 00410 a2200145 4500 | ||
|---|---|---|---|
| 082 | _a004 | ||
| 090 |
_c1337 _d1337 |
||
| 100 | _aAbdul Qayyum Khan Sulehria | ||
| 245 |
_aAn easy approach to Computer Science _cAbdul Qayyum Khan Sulehria |
||
| 260 |
_aLahore : _bIlmi Kitab Khana , _cc1999. |
||
| 300 |
_avi, 206p.: _bill ; _c23cm. |
||
| 500 | _aIncludes Index | ||
| 650 | _aComputer Science | ||
| 942 |
_cBK _k004 SUL |
||
| 999 |
_c5292 _d5292 |
||